[Event "CAN-op"]
[Site "Edmonton CAN"]
[Date "2009.07.15"]
[Round "5.88"]
[White "Santelices, Philip"]
[Black "Ludwig, Michael1"]
[Result "1-0"]
[WhiteElo "1629"]
[BlackElo "1413"]
[PlyCount "149"]
[GameId "2160767910156090"]
[EventDate "2009.07.11"]
[EventType "swiss"]
[EventRounds "9"]
[EventCountry "CAN"]
[SourceTitle "EXT 2022"]
[Source "ChessBase"]
[SourceDate "2021.10.06"]
[SourceVersion "1"]
[SourceVersionDate "2021.10.06"]
[SourceQuality "1"]

1. e4 e5 2. Nf3 Nc6 3. Bb5 Nge7 4. O-O g6 5. c3 Bg7 6. d4 a6 7. Bc4 exd4 8. cxd4 d5 9. exd5 Nxd5 10. Re1+ Be6 11. Bg5 Qd7 12. Ne5 Nxe5 13. dxe5 O-O 14. Nd2 b5 15. Bb3 c5 16. f4 c4 17. Bc2 Bg4 18. Nf3 Nb4 19. Be4 Rac8 20. a3 Nd3 21. Bxd3 Qxd3 22. Qxd3 cxd3 23. Rad1 Rc2 24. Rxd3 Rxb2 25. Be7 Re8 26. Bb4 Bf5 27. Rc3 Bf8 28. Bxf8 Rxf8 29. h3 Rc8 30. Rxc8+ Bxc8 31. Rc1 Bf5 32. g4 Rc2 33. Rxc2 Bxc2 34. Nd4 Be4 35. Kf2 Kf8 36. Ke3 Bg2 37. h4 Bh3 38. Kf3 Bf1 39. Nc2 a5 40. Ke3 Ke7 41. g5 Kd7 42. Kd4 Kc6 43. Ne3 Be2 44. Nd5 Bf1 45. Ne3 Be2 46. Nc2 Bf1 47. Na1 Be2 48. Nb3 a4 49. Nc5 Bf1 50. Na6 Be2 51. Nb4+ Kd7 52. Ke4 Ke6 53. Nc6 Bf1 54. Nd4+ Ke7 55. Kd5 b4 56. Nc6+ Kd7 57. Nxb4 Bg2+ 58. Kd4 Ke6 59. Nc2 Bh1 60. Ne3 Bf3 61. Kc5 Be4 62. Kb5 Kd7 63. Kxa4 Bc6+ 64. Kb4 Bf3 65. Kc5 Ke6 66. a4 Be2 67. a5 Bd3 68. Kb6 Kd7 69. a6 Be4 70. a7 Bf3 71. Kc5 Ke6 72. Kb6 Kd7 73. Nc4 Bg2 74. Nd6 Bd5 75. Nb7 1-0

[Event "CAN-op"]
[Site "Edmonton CAN"]
[Date "2009.07.15"]
[Round "5.89"]
[White "Danner, Jason"]
[Black "McCullough, David"]
[Result "0-1"]
[WhiteElo "1626"]
[BlackElo "1293"]
[PlyCount "88"]
[GameId "2160767910156091"]
[EventDate "2009.07.11"]
[EventType "swiss"]
[EventRounds "9"]
[EventCountry "CAN"]
[SourceTitle "EXT 2022"]
[Source "ChessBase"]
[SourceDate "2021.10.06"]
[SourceVersion "1"]
[SourceVersionDate "2021.10.06"]
[SourceQuality "1"]

1. e4 e6 2. Nf3 d5 3. Nc3 d4 4. Ne2 Nc6 5. d3 e5 6. Nd2 Nf6 7. Nc4 Be7 8. f4 exf4 9. Nxf4 Bg4 10. Be2 Bxe2 11. Qxe2 O-O 12. O-O Re8 13. Qf3 Qd7 14. Ne2 Nb4 15. c3 dxc3 16. bxc3 Nxd3 17. e5 Nxc1 18. exf6 Nxe2+ 19. Qxe2 Bxf6 20. Qc2 Qc6 21. Qb3 b5 22. Rxf6 Qxf6 23. Qxb5 Qxc3 24. Rf1 Re1 25. Qd5 Rxf1+ 26. Kxf1 Re8 27. Nd2 h6 28. Nf3 a6 29. Kf2 Qb2+ 30. Kg3 Qb6 31. Qc4 Re6 32. h3 c5 33. a4 a5 34. Qc2 Qb4 35. Qd1 Re4 36. Qd8+ Kh7 37. Qf8 f6 38. Qc8 h5 39. Qf5+ Kh6 40. Qd5 Re3 41. Qd8 Rxf3+ 42. Kxf3 Qxa4 43. Qh8+ Kg6 44. Qe8+ Qxe8 0-1

[Event "CAN-op"]
[Site "Edmonton CAN"]
[Date "2009.07.15"]
[Round "5.90"]
[White "Amundson, Kristofor"]
[Black "Reichert, Wayne"]
[Result "1-0"]
[WhiteElo "1601"]
[BlackElo "1146"]
[PlyCount "55"]
[GameId "2160767910156092"]
[EventDate "2009.07.11"]
[EventType "swiss"]
[EventRounds "9"]
[EventCountry "CAN"]
[SourceTitle "EXT 2022"]
[Source "ChessBase"]
[SourceDate "2021.10.06"]
[SourceVersion "1"]
[SourceVersionDate "2021.10.06"]
[SourceQuality "1"]

1. d4 d5 2. Nf3 Bf5 3. e3 a6 4. c4 c6 5. Nc3 Nf6 6. Be2 h6 7. a4 e6 8. Qb3 b6 9. Bd2 Nbd7 10. O-O Bd6 11. Rfc1 Rb8 12. cxd5 exd5 13. Bxa6 O-O 14. Be2 Be6 15. Qc2 Re8 16. h3 c5 17. Nb5 Bf8 18. a5 Ra8 19. a6 Qb8 20. Nh2 c4 21. Bf3 Be7 22. Nf1 Nf8 23. Ng3 Rd8 24. e4 Qc8 25. e5 N6d7 26. Nf5 Bg5 27. Bxg5 hxg5 28. Ne7+ 1-0

[Event "CAN-op"]
[Site "Edmonton CAN"]
[Date "2009.07.15"]
[Round "5.91"]
[White "Longson, Stan"]
[Black "Araullo, Marlon"]
[Result "0-1"]
[WhiteElo "1400"]
[BlackElo "1596"]
[PlyCount "62"]
[GameId "2160767910156093"]
[EventDate "2009.07.11"]
[EventType "swiss"]
[EventRounds "9"]
[EventCountry "CAN"]
[SourceTitle "EXT 2022"]
[Source "ChessBase"]
[SourceDate "2021.10.06"]
[SourceVersion "1"]
[SourceVersionDate "2021.10.06"]
[SourceQuality "1"]

1. d4 e6 2. Nf3 d5 3. Nc3 Nf6 4. Bf4 Bb4 5. a3 Ba5 6. b4 Bb6 7. h3 Nc6 8. e3 Bd7 9. Bd3 a5 10. b5 Ne7 11. a4 Ng6 12. Bh2 c5 13. bxc6 Bxc6 14. Bxg6 hxg6 15. Ne5 Rc8 16. Qd3 O-O 17. O-O Nd7 18. Nxc6 Rxc6 19. Nb5 Nf6 20. Rfc1 Ne4 21. c4 Qh4 22. Ra2 Rfc8 23. g3 Qxh3 24. Rac2 Ng5 25. Qe2 Rxc4 26. Rxc4 Rxc4 27. Rxc4 dxc4 28. f4 Ne4 29. Qxc4 Nxg3 30. Qc8+ Kh7 31. Qxb7 Qf1# 0-1

[Event "CAN-op"]
[Site "Edmonton CAN"]
[Date "2009.07.15"]
[Round "5.92"]
[White "McCleary, Rick"]
[Black "Dattani, Dinesh"]
[Result "0-1"]
[WhiteElo "1140"]
[BlackElo "1380"]
[PlyCount "114"]
[GameId "2160767910156094"]
[EventDate "2009.07.11"]
[EventType "swiss"]
[EventRounds "9"]
[EventCountry "CAN"]
[SourceTitle "EXT 2022"]
[Source "ChessBase"]
[SourceDate "2021.10.06"]
[SourceVersion "1"]
[SourceVersionDate "2021.10.06"]
[SourceQuality "1"]

1. d4 d5 2. e4 dxe4 3. f3 Nf6 4. Nc3 e3 5. Bxe3 e6 6. Bd3 Bb4 7. Nge2 Nc6 8. O-O O-O 9. Ne4 b6 10. c3 Be7 11. Bc2 Bb7 12. Qd3 g6 13. Bh6 Re8 14. h4 Nxe4 15. fxe4 Bxh4 16. Rf4 e5 17. dxe5 Qxd3 18. Bxd3 Nxe5 19. Bc2 Bd8 20. Bb3 c5 21. Nd4 Bc7 22. Raf1 c4 23. Bxc4 Nxc4 24. Rxf7 Nd6 25. Rg7+ Kh8 26. Rxc7 Bxe4 27. Bg7+ Kg8 28. Bh6 Bf5 29. c4 Re5 30. b4 Bd3 31. Rg7+ Kh8 32. Rd7 Bxf1 33. Bg7+ Kg8 34. Bxe5 Nxc4 35. Kxf1 Nxe5 36. Rd5 Ng4 37. Ke2 Re8+ 38. Kf3 Nf6 39. Rd6 Kf7 40. Rc6 Nd5 41. a3 Re3+ 42. Kf2 Rxa3 43. Nc2 Rc3 44. b5 Rxc6 45. bxc6 Nc7 46. Nd4 Ke7 47. Ke3 Kd6 48. Kd3 Kd5 49. Kc3 b5 50. g4 b4+ 51. Kxb4 Kxd4 52. Ka5 Kc5 53. g5 Kxc6 54. Ka4 Ne6 55. Ka5 Nxg5 56. Ka6 h5 57. Kxa7 h4 0-1

[Event "CAN-op"]
[Site "Edmonton CAN"]
[Date "2009.07.15"]
[Round "5.93"]
[White "Bansal, Prabjeet"]
[Black "Nolan, Pat"]
[Result "1/2-1/2"]
[WhiteElo "1396"]
[BlackElo "1529"]
[PlyCount "81"]
[GameId "2160767910156095"]
[EventDate "2009.07.11"]
[EventType "swiss"]
[EventRounds "9"]
[EventCountry "CAN"]
[SourceTitle "EXT 2022"]
[Source "ChessBase"]
[SourceDate "2021.10.06"]
[SourceVersion "1"]
[SourceVersionDate "2021.10.06"]
[SourceQuality "1"]

1. e4 c5 2. Nf3 d6 3. h3 g6 4. d3 Bg7 5. Be2 Nf6 6. b3 O-O 7. Bb2 Qa5+ 8. Nc3 Nc6 9. Qd2 b5 10. O-O Nd7 11. Nd1 Qxd2 12. Nxd2 Nf6 13. Nc3 Nd4 14. Bd1 Bd7 15. Nf3 Rac8 16. Nxd4 cxd4 17. Ne2 e5 18. Rc1 d5 19. f3 b4 20. f4 dxe4 21. fxe5 Nh5 22. Bxd4 exd3 23. cxd3 Bh8 24. Rxc8 Rxc8 25. g4 Ng7 26. Bxa7 Ne6 27. d4 Ra8 28. d5 Nf8 29. Bc5 Bb5 30. e6 fxe6 31. Bxf8 Rxf8 32. Rxf8+ Kxf8 33. dxe6 Ke7 34. Nf4 Bc6 35. h4 Be5 36. Nd3 Bd6 37. Kf2 Kxe6 38. Ke3 Bb5 39. Be2 Bxd3 40. Kxd3 h6 41. h5 1/2-1/2

[Event "CAN-op"]
[Site "Edmonton CAN"]
[Date "2009.07.15"]
[Round "5.94"]
[White "Huang, Zhonglin"]
[Black "Situ, Dennis"]
[Result "1-0"]
[WhiteElo "1515"]
[BlackElo "1388"]
[PlyCount "64"]
[GameId "2160767910156096"]
[EventDate "2009.07.11"]
[EventType "swiss"]
[EventRounds "9"]
[EventCountry "CAN"]
[SourceTitle "EXT 2022"]
[Source "ChessBase"]
[SourceDate "2021.10.06"]
[SourceVersion "1"]
[SourceVersionDate "2021.10.06"]
[SourceQuality "1"]

1. e4 e5 2. Nf3 Nc6 3. Bb5 a6 4. Ba4 b5 5. Bb3 Nf6 6. O-O Be7 7. Re1 O-O 8. c3 Bb7 9. d4 Bd6 10. Bg5 h6 11. Bc1 Qe7 12. Bc2 Rfe8 13. b3 b4 14. d5 Na7 15. c4 c5 16. Kh1 Bc7 17. Rg1 d6 18. g4 Nh7 19. g5 hxg5 20. Nxg5 Nxg5 21. Bxg5 Qd7 22. Bf6 g6 23. Qd2 Bd8 24. Bxd8 Rexd8 25. Nc3 Qe8 26. Ne2 Bc8 27. Ng3 Bg4 28. Bd1 Bxd1 29. Raxd1 Qf8 30. Nh5 Kh8 31. Nf6 Qg7 32. Qg5 Qf8 1-0

[Event "CAN-op"]
[Site "Edmonton CAN"]
[Date "2009.07.15"]
[Round "5.95"]
[White "Baron, Desmond"]
[Black "MacKay, David"]
[Result "1-0"]
[WhiteElo "1472"]
[BlackElo "1202"]
[PlyCount "52"]
[GameId "2160767910156097"]
[EventDate "2009.07.11"]
[EventType "swiss"]
[EventRounds "9"]
[EventCountry "CAN"]
[SourceTitle "EXT 2022"]
[Source "ChessBase"]
[SourceDate "2021.10.06"]
[SourceVersion "1"]
[SourceVersionDate "2021.10.06"]
[SourceQuality "1"]

1. c4 Nc6 2. Nc3 e5 3. e3 Bb4 4. d4 d6 5. Nge2 b6 6. g3 Bb7 7. Bg2 Bxc3+ 8. Nxc3 Nge7 9. O-O O-O 10. Bd2 exd4 11. exd4 Qe8 12. Re1 f6 13. Bf4 g5 14. Bc1 Qf7 15. b3 Ng6 16. Bb2 Rfe8 17. d5 Na5 18. Rxe8+ Qxe8 19. Qe1 Qf7 20. Qe2 Ne7 21. b4 Nxc4 22. Qxc4 Nxd5 23. Qe2 f5 24. Rd1 f4 25. Qc4 fxg3 26. hxg3 Ne7 1-0

[Event "CAN-op"]
[Site "Edmonton CAN"]
[Date "2009.07.15"]
[Round "5.96"]
[White "Prime, Keith"]
[Black "Green, Leah"]
[Result "1-0"]
[WhiteElo "1223"]
[BlackElo "1298"]
[PlyCount "119"]
[GameId "2160767910156098"]
[EventDate "2009.07.11"]
[EventType "swiss"]
[EventRounds "9"]
[EventCountry "CAN"]
[SourceTitle "EXT 2022"]
[Source "ChessBase"]
[SourceDate "2021.10.06"]
[SourceVersion "1"]
[SourceVersionDate "2021.10.06"]
[SourceQuality "1"]

1. e4 e5 2. a4 Nf6 3. d3 Bc5 4. c3 a5 5. b3 Nc6 6. Ba3 Bxa3 7. Nxa3 d6 8. h3 Bd7 9. Be2 d5 10. f3 d4 11. Qd2 Qe7 12. Nc2 Qc5 13. c4 Nb4 14. Nxb4 Qxb4 15. Qxb4 axb4 16. Bd1 c5 17. Ne2 Nh5 18. Kf2 b6 19. g4 Nf6 20. Ng3 g6 21. Be2 Kd8 22. Ra2 Kc7 23. Bd1 h5 24. h4 hxg4 25. fxg4 Bxg4 26. Bc2 Bh5 27. Nxh5 Nxh5 28. Bd1 Nf4 29. Rd2 Kb7 30. Bg4 Ka6 31. Kg3 Raf8 32. Bd7 Nh5+ 33. Kf2 f5 34. exf5 gxf5 35. Ke1 e4 36. Re2 e3 37. Rg2 f4 38. Rhg1 Ng3 39. Ra2 Rxh4 40. a5 bxa5 41. Bc6 Rg4 42. Rh2 Rf6 43. Bf3 Rg7 44. Rh8 Ra7 45. Rc8 Kb6 46. Rg2 e2 47. Rh2 Rc7 48. Rb8+ Ka7 49. Ra8+ Kb6 50. Rhh8 Ra7 51. Rhb8+ Kc7 52. Rc8+ Kb6 53. Rcb8+ Kc7 54. Rc8+ Kb6 55. Rxa7 Kxa7 56. Rxc5 Kb6 57. Rd5 Rf5 58. Rxd4 Kc5 59. Rd8 Re5 60. d4+ 1-0

[Event "CAN-op"]
[Site "Edmonton CAN"]
[Date "2009.07.15"]
[Round "5.97"]
[White "Merkowsky, Mark"]
[Black "McCullough, Ian"]
[Result "1/2-1/2"]
[WhiteElo "1466"]
[BlackElo "694"]
[PlyCount "91"]
[GameId "2160767910156099"]
[EventDate "2009.07.11"]
[EventType "swiss"]
[EventRounds "9"]
[EventCountry "CAN"]
[SourceTitle "EXT 2022"]
[Source "ChessBase"]
[SourceDate "2021.10.06"]
[SourceVersion "1"]
[SourceVersionDate "2021.10.06"]
[SourceQuality "1"]

1. d4 Nf6 2. c4 c5 3. e3 e6 4. Nf3 g6 5. Nc3 Bg7 6. Bd3 d5 7. O-O cxd4 8. exd4 dxc4 9. Bxc4 b6 10. Bg5 Nbd7 11. Re1 O-O 12. Qd2 Bb7 13. Ne5 Nxe5 14. Rxe5 Rc8 15. Bb3 h6 16. Bh4 g5 17. Bxg5 hxg5 18. Rxg5 Rxc3 19. Rxg7+ Kxg7 20. Qg5+ Kh8 21. Qh5+ Nh7 22. bxc3 Qg5 23. Qh3 Rg8 24. g3 Qg4 25. Qxg4 Rxg4 26. Rd1 Ng5 27. h4 Nf3+ 28. Kf1 Nh2+ 29. Kg1 Nf3+ 30. Kf1 Ba6+ 31. c4 Rxd4 32. Ke2 Rxd1 33. Kxd1 Nd4 34. Kd2 Nxb3+ 35. axb3 Kg7 36. Ke3 Kg6 37. g4 Bb7 38. f4 Bg2 39. h5+ Kg7 40. b4 a5 41. bxa5 bxa5 42. g5 a4 43. Kd2 Be4 44. Kc3 f6 45. Kb4 Bd3 46. c5 1/2-1/2

[Event "CAN-op"]
[Site "Edmonton CAN"]
[Date "2009.07.15"]
[Round "5.98"]
[White "Durupala, Rishi"]
[Black "Kassam, Jamil"]
[Result "0-1"]
[WhiteElo "1075"]
[BlackElo "1334"]
[PlyCount "78"]
[GameId "2160767910156100"]
[EventDate "2009.07.11"]
[EventType "swiss"]
[EventRounds "9"]
[EventCountry "CAN"]
[SourceTitle "EXT 2022"]
[Source "ChessBase"]
[SourceDate "2021.10.06"]
[SourceVersion "1"]
[SourceVersionDate "2021.10.06"]
[SourceQuality "1"]

1. e4 Nf6 2. e5 Nd5 3. d4 d6 4. exd6 exd6 5. Nf3 Be7 6. Bc4 Nb6 7. Bb3 O-O 8. O-O Bg4 9. h3 Bh5 10. Nbd2 Nc6 11. c3 Qd7 12. Qc2 Bg6 13. Qd1 Rfe8 14. Re1 Bf6 15. Rxe8+ Rxe8 16. Bc2 Ne7 17. Ne4 Ned5 18. Nxf6+ Nxf6 19. Bxg6 hxg6 20. Bg5 Ne4 21. Be3 Nc4 22. Qc2 Nxe3 23. fxe3 Nf6 24. Re1 Qe6 25. a3 Nd5 26. e4 Nf6 27. e5 dxe5 28. dxe5 Nd7 29. Qe2 f6 30. Nd4 Qd5 31. e6 Ne5 32. Nb5 a6 33. Nxc7 Qc5+ 34. Qe3 Qxc7 35. Qd4 Rxe6 36. Qd5 Qb6+ 37. Kh2 Kh7 38. b4 Nf3+ 39. gxf3 Qf2+ 0-1

[Event "CAN-op"]
[Site "Edmonton CAN"]
[Date "2009.07.16"]
[Round "6.3"]
[White "Mikhalevski, Victor"]
[Black "Adams, Michael"]
[Result "1/2-1/2"]
[WhiteElo "2631"]
[BlackElo "2699"]
[PlyCount "96"]
[GameId "2160767910156106"]
[EventDate "2009.07.11"]
[EventType "swiss"]
[EventRounds "9"]
[EventCountry "CAN"]

1. d4 Nf6 2. c4 e6 3. g3 d5 4. Bg2 Bb4+ 5. Bd2 Be7 6. Nf3 O-O 7. O-O c6 8. Qc2 b6 9. Rd1 Ba6 10. b3 Nbd7 11. a4 Rc8 12. a5 c5 13. axb6 Qxb6 14. Qa2 Bb7 15. b4 cxb4 16. c5 Nxc5 17. dxc5 Bxc5 18. e3 Ra8 19. Qa5 Rfc8 20. Be1 Qxa5 21. Rxa5 Bb6 22. Bxb4 Bxa5 23. Bxa5 Rc5 24. Bb4 Rc4 25. Ba3 Ne4 26. Nd4 a5 27. f3 Nc3 28. Nxc3 Rxc3 29. Bb2 Rc5 30. Ra1 Ba6 31. f4 Bd3 32. f5 exf5 33. Ba3 Rc7 34. Bxd5 Rd8 35. Bb3 Be4 36. Ba4 h6 37. Kf2 Kh7 38. h4 Kg8 39. h5 Kh7 40. Bc1 Rb8 41. Bd2 Rb2 42. Ke1 Rc5 43. Bd1 Rb1 44. Rxb1 Bxb1 45. Nb3 Rc8 46. Nxa5 Be4 47. Nb3 Bc2 48. Bxc2 Rxc2 1/2-1/2

[Event "CAN-op"]
[Site "Edmonton CAN"]
[Date "2009.07.16"]
[Round "6.4"]
[White "Ganguly, Surya Shekhar"]
[Black "Hommeles, Theo"]
[Result "1-0"]
[WhiteElo "2637"]
[BlackElo "2412"]
[PlyCount "65"]
[GameId "2160767910156107"]
[EventDate "2009.07.11"]
[EventType "swiss"]
[EventRounds "9"]
[EventCountry "CAN"]

1. e4 c5 2. Nf3 d6 3. d4 cxd4 4. Nxd4 Nf6 5. Nc3 Nc6 6. Bg5 e6 7. Qd2 a6 8. O-O-O Bd7 9. f3 Rc8 10. Kb1 Be7 11. Nxc6 Bxc6 12. h4 Qc7 13. Bf4 Rd8 14. g4 h6 15. Qf2 b5 16. Bg2 Nd7 17. g5 hxg5 18. hxg5 Rxh1 19. Bxh1 Rc8 20. Qd2 Ne5 21. Ne2 Bb7 22. b3 g6 23. Bg2 Bf8 24. Be3 d5 25. Bd4 Rd8 26. Qc3 Qxc3 27. Nxc3 Nc6 28. Bb6 Rc8 29. exd5 Nb4 30. d6 Bxd6 31. Rxd6 Rxc3 32. Ba5 Rxc2 33. Rd8+ 1-0

[Event "CAN-op"]
[Site "Edmonton CAN"]
[Date "2009.07.16"]
[Round "6.6"]
[White "Perelshteyn, Eugene"]
[Black "Barron, Michael"]
[Result "1-0"]
[WhiteElo "2588"]
[BlackElo "2357"]
[PlyCount "61"]
[GameId "2160767910156109"]
[EventDate "2009.07.11"]
[EventType "swiss"]
[EventRounds "9"]
[EventCountry "CAN"]

1. d4 f5 2. c4 Nf6 3. Nc3 d6 4. Bg5 g6 5. Bxf6 exf6 6. g3 h5 7. h4 Bh6 8. e3 Be6 9. Bg2 c6 10. d5 Bf7 11. Nge2 c5 12. Nf4 Na6 13. Ne6 Qd7 14. Nb5 Ke7 15. O-O Be8 16. e4 fxe4 17. Bxe4 Kf7 18. Bg2 Kg8 19. Qf3 f5 20. Rfe1 Bf7 21. Re2 Kh7 22. Rae1 Rhe8 23. Qc3 Bxe6 24. Rxe6 Bg7 25. Qd2 Bh6 26. Qe2 Rxe6 27. Qxe6 Rd8 28. Nxd6 Qxd6 29. Qf7+ Bg7 30. Re7 Rg8 31. Re6 1-0

[Event "CAN-op"]
[Site "Edmonton CAN"]
[Date "2009.07.16"]
[Round "6.7"]
[White "Zhao Xue"]
[Black "MacKinnon, Keith"]
[Result "1-0"]
[WhiteElo "2544"]
[BlackElo "2241"]
[PlyCount "73"]
[GameId "2160767910156110"]
[EventDate "2009.07.11"]
[EventType "swiss"]
[EventRounds "9"]
[EventCountry "CAN"]

1. d4 Nf6 2. c4 c5 3. d5 b5 4. cxb5 a6 5. bxa6 g6 6. Nc3 Bxa6 7. Nf3 d6 8. g3 Bg7 9. Bg2 Nbd7 10. Rb1 Qa5 11. Bd2 O-O 12. O-O Nb6 13. b3 Qa3 14. Ne1 Bb7 15. Nc2 Qa6 16. e4 Ne8 17. Re1 Nc7 18. a4 e6 19. Ne3 exd5 20. Ncxd5 Ncxd5 21. exd5 Qd3 22. Rc1 Rfe8 23. Bc3 Qxd1 24. Rexd1 Bxc3 25. Rxc3 Ra5 26. Bf1 Ba6 27. Bxa6 Rxa6 28. f3 Rb8 29. Ra1 Kf8 30. Kf2 Ke7 31. g4 h6 32. h4 Kd7 33. f4 c4 34. a5 cxb3 35. Rxb3 Rba8 36. Re1 Nc8 37. Rb7+ 1-0

[Event "CAN-op"]
[Site "Edmonton CAN"]
[Date "2009.07.16"]
[Round "6.8"]
[White "Gerzhoy, Leonid"]
[Black "Langer, Mikhail"]
[Result "1/2-1/2"]
[WhiteElo "2530"]
[BlackElo "2313"]
[PlyCount "99"]
[GameId "2160767910156111"]
[EventDate "2009.07.11"]
[EventType "swiss"]
[EventRounds "9"]
[EventCountry "CAN"]

1. e4 c5 2. Nf3 d6 3. d4 cxd4 4. Nxd4 Nf6 5. Nc3 a6 6. Be2 e5 7. Nb3 Be7 8. O-O O-O 9. Be3 Be6 10. Qd2 Nbd7 11. a4 Rc8 12. a5 Qc7 13. Rfc1 Qc6 14. Bf3 Qc7 15. Nd5 Nxd5 16. exd5 Bf5 17. c4 Bg6 18. Be2 Rfe8 19. Rc3 Nc5 20. Nxc5 dxc5 21. Rb3 Bd6 22. Rb6 f5 23. f3 Bh5 24. Kh1 e4 25. Bg1 Kh8 26. Rf1 Rcd8 27. fxe4 Bxe2 28. Qxe2 Rxe4 29. Qd3 g6 30. Qc3+ Be5 31. Qb3 Rd7 32. Re6 Re7 33. Rxe7 Qxe7 34. Qb6 Bd6 35. b4 Rxc4 36. bxc5 Bxc5 37. Bxc5 Rxc5 38. d6 Qe2 39. Rg1 Rd5 40. Qxb7 Rd1 41. Qe7 Rxg1+ 42. Kxg1 Qd1+ 43. Kf2 Qd4+ 44. Kf3 Kg8 45. d7 Qd3+ 46. Kf4 Qd4+ 47. Kg5 Qg4+ 48. Kf6 Qh4+ 49. Ke6 Qe4+ 50. Kf6 1/2-1/2

[Event "CAN-op"]
[Site "Edmonton CAN"]
[Date "2009.07.16"]
[Round "6.17"]
[White "Perron, Sean"]
[Black "Yoos, John"]
[Result "0-1"]
[WhiteElo "2132"]
[BlackElo "2442"]
[PlyCount "65"]
[GameId "2160767910156117"]
[EventDate "2009.07.11"]
[EventType "swiss"]
[EventRounds "9"]
[EventCountry "CAN"]
[SourceTitle "EXT 2022"]
[Source "ChessBase"]
[SourceDate "2021.10.06"]
[SourceVersion "1"]
[SourceVersionDate "2021.10.06"]
[SourceQuality "1"]

1. e4 c5 2. Nf3 d6 3. d4 Nf6 4. Nc3 cxd4 5. Nxd4 g6 6. Be3 Bg7 7. f3 O-O 8. Qd2 Nc6 9. O-O-O Nxd4 10. Bxd4 Be6 11. Kb1 Qc7 12. Nd5 Bxd5 13. exd5 Rfc8 14. c4 b5 15. cxb5 Nxd5 16. Bxg7 Kxg7 17. Bd3 Nf6 18. h4 h5 19. g4 d5 20. Qg5 Qg3 21. Rdf1 Rh8 22. Rhg1 Qd6 23. Re1 Rhe8 24. a3 e5 25. Rc1 e4 26. fxe4 dxe4 27. Be2 hxg4 28. Bxg4 Re5 29. Qf4 Rh5 30. a4 Qd3+ 31. Ka1 Qd4 32. Rcf1 Rf5 33. Bxf5 0-1

[Event "CAN-op"]
[Site "Edmonton CAN"]
[Date "2009.07.16"]
[Round "6.18"]
[White "Sali, Zulfikar"]
[Black "Melekhina, Alisa"]
[Result "0-1"]
[WhiteElo "2126"]
[BlackElo "2270"]
[PlyCount "124"]
[GameId "2160767910156118"]
[EventDate "2009.07.11"]
[EventType "swiss"]
[EventRounds "9"]
[EventCountry "CAN"]
[SourceTitle "EXT 2022"]
[Source "ChessBase"]
[SourceDate "2021.10.06"]
[SourceVersion "1"]
[SourceVersionDate "2021.10.06"]
[SourceQuality "1"]

1. e4 b6 2. d4 Bb7 3. Nc3 e6 4. Nf3 Bb4 5. Bd3 Nf6 6. Qe2 d5 7. exd5 Qxd5 8. O-O Bxc3 9. bxc3 O-O 10. Bg5 Nbd7 11. c4 Qa5 12. Ne5 Nxe5 13. dxe5 Nd7 14. Rfe1 f5 15. a4 Qc5 16. a5 bxa5 17. Bc1 Qb6 18. Qh5 Qd4 19. Ba3 Rf7 20. Rab1 Ba6 21. Qf3 Rd8 22. Qc6 Nb6 23. Bf1 Qc3 24. Red1 Rc8 25. Bb2 Qxc2 26. Qxe6 Bxc4 27. Qc6 Qe4 28. Qc5 Bxf1 29. Rxf1 Qd5 30. Qc2 a4 31. Rfe1 Qe6 32. Ba3 c5 33. Rbd1 Qb3 34. Qc1 Nc4 35. e6 Rff8 36. Rd7 Nxa3 37. Qa1 Rf6 38. e7 Re8 39. Rd8 Kf7 40. Qe5 Qb7 41. Qxc5 Rxe7 42. Red1 Qb6 43. Qc1 Qc7 44. Qd2 Rfe6 45. Rd5 Qc2 46. Qa5 Re5 47. Rf1 Nc4 48. Qd8 Qe4 49. Rd4 Qe2 50. g3 Nb6 51. Rc1 Qf3 52. Rdd1 Rd5 53. Rxd5 Qxd5 54. Qh8 h6 55. Qb8 a3 56. Rc7 Nd7 57. Qb1 a2 58. Qa1 Ne5 59. Rc1 Nf3+ 60. Kf1 Nd2+ 61. Kg1 Rd7 62. Qb2 Nb3 0-1

[Event "CAN-op"]
[Site "Edmonton CAN"]
[Date "2009.07.16"]
[Round "6.19"]
[White "Yearwood, Roy"]
[Black "Gardner, Robert"]
[Result "1/2-1/2"]
[WhiteElo "2079"]
[BlackElo "2272"]
[PlyCount "65"]
[GameId "2160767910156119"]
[EventDate "2009.07.11"]
[EventType "swiss"]
[EventRounds "9"]
[EventCountry "CAN"]

1. e4 g6 2. d4 Bg7 3. c4 d6 4. Nc3 e5 5. dxe5 dxe5 6. Qxd8+ Kxd8 7. f4 c6 8. Nf3 Nd7 9. Be2 f6 10. fxe5 Nxe5 11. Bf4 Nh6 12. O-O-O+ Kc7 13. c5 Nhf7 14. Kc2 Re8 15. Rhf1 Be6 16. Nd4 Bd7 17. Bc4 Nd8 18. Nf3 Be6 19. Bxe6 Nxe6 20. Bg3 Re7 21. b4 Rd8 22. Nd5+ cxd5 23. exd5 Nxc5 24. bxc5 Red7 25. Nd4 Kc8 26. Ne6 Ng4 27. Rf3 Re8 28. c6 bxc6 29. Rb3 Rxd5 30. Rb8+ Kd7 31. Rxd5+ cxd5 32. Nxg7 Rxb8 33. Bxb8 1/2-1/2

[Event "CAN-op"]
[Site "Edmonton CAN"]
[Date "2009.07.16"]
[Round "6.20"]
[White "Tang, Edward"]
[Black "Davies, Noam"]
[Result "1-0"]
[WhiteElo "2053"]
[BlackElo "2244"]
[PlyCount "91"]
[GameId "2160767910156120"]
[EventDate "2009.07.11"]
[EventType "swiss"]
[EventRounds "9"]
[EventCountry "CAN"]
[SourceTitle "EXT 2022"]
[Source "ChessBase"]
[SourceDate "2021.10.06"]
[SourceVersion "1"]
[SourceVersionDate "2021.10.06"]
[SourceQuality "1"]

1. d4 Nf6 2. c4 g6 3. Nc3 Bg7 4. e4 d6 5. Nf3 O-O 6. Be2 e5 7. O-O Nc6 8. d5 Ne7 9. b4 Nh5 10. Re1 f5 11. Ng5 Nf6 12. f3 Nh5 13. c5 Nf4 14. Bxf4 exf4 15. Qb3 Kh8 16. Rad1 Nxd5 17. Nxd5 Qxg5 18. Nxc7 fxe4 19. fxe4 Bg4 20. Bxg4 Qxg4 21. Qf3 Qxf3 22. gxf3 dxc5 23. Nxa8 Rxa8 24. bxc5 Bf8 25. Rd5 Rc8 26. Rc1 b6 27. c6 Bc5+ 28. Rdxc5 bxc5 29. Rxc5 Rc7 30. Kg2 Kg7 31. Kh3 h5 32. Kh4 Kf6 33. a3 a6 34. a4 a5 35. Kh3 Ke6 36. e5 Kf5 37. Kg2 g5 38. h3 Ke6 39. Kf2 Kf5 40. Ke2 Ke6 41. Kd3 Kf5 42. Kd4 g4 43. fxg4+ hxg4 44. hxg4+ Kxg4 45. Kd5 f3 46. e6 1-0

[Event "CAN-op"]
[Site "Edmonton CAN"]
[Date "2009.07.16"]
[Round "6.21"]
[White "Moffat, Andrei"]
[Black "Araullo, Paolo"]
[Result "0-1"]
[WhiteElo "2247"]
[BlackElo "2047"]
[PlyCount "114"]
[GameId "2160767910156121"]
[EventDate "2009.07.11"]
[EventType "swiss"]
[EventRounds "9"]
[EventCountry "CAN"]
[SourceTitle "EXT 2022"]
[Source "ChessBase"]
[SourceDate "2021.10.06"]
[SourceVersion "1"]
[SourceVersionDate "2021.10.06"]
[SourceQuality "1"]

1. e4 e6 2. d4 d5 3. e5 c5 4. Qg4 cxd4 5. Nf3 Nc6 6. Bd3 Nge7 7. O-O Ng6 8. Re1 Be7 9. a3 Bd7 10. b4 a6 11. Qh5 Qc7 12. Bd2 O-O-O 13. c3 dxc3 14. Nxc3 d4 15. Na4 f6 16. exf6 gxf6 17. Rec1 Nge5 18. Nxe5 Qxe5 19. Qh4 Qc7 20. Nc5 Bxc5 21. Rxc5 Qd6 22. Rac1 e5 23. a4 Kb8 24. b5 axb5 25. axb5 Ne7 26. Bb4 Qb6 27. Qh6 Rc8 28. Rxc8+ Nxc8 29. Qd2 Bxb5 30. Ba5 Qa6 31. Bc7+ Ka8 32. Bxb5 Qxb5 33. Qa2+ Na7 34. Rb1 Qa6 35. Qb2 b5 36. Ra1 Qb7 37. Bd6 Rc8 38. Qb4 Qb6 39. h3 Rc4 40. Qa3 Ra4 41. Qf3+ Qc6 42. Rxa4 bxa4 43. Qxf6 d3 44. Qd8+ Qc8 45. Qxc8+ Nxc8 46. Bb4 a3 47. Kf1 a2 48. Bc3 e4 49. g4 Kb7 50. g5 Kc6 51. h4 Kd7 52. h5 Ke6 53. g6 h6 54. Ke1 Nd6 55. Kd1 Nb5 56. Bb2 Na3 57. Kd2 Nc4+ 0-1